000 00476nam a2200169Ia 4500
999 _c31086
_d31086
003 OSt
005 20200729122650.0
008 190216s9999||||xx |||||||||||||| ||und||
040 _coclc
082 _a517.5
_bTYA/F
100 _aTyagi, B S
_93848
245 0 _aFunctions Of A Complex Variable /
_cB S Tyagi
260 _bKedernath Ramnath,
_c1991.
_aMeerut:
300 _a456p
650 _aMathematics
942 _cBK
_2ddc
_h517.5
_iTYA/F
_k517.5
_mTYA/F